00778nam a2200217Ia 4500003000900000008004100009020002200050040001600072080001800088100003000106245011600136260002800252300001400280650003600294650002600330650003200356650003300388942000700421999001700428952011500445IN-BaIIA211028s9999 xx 000 0 eng d a978-0-7864-3178-6 cIIA Library a52:737.1bFAI aFaintich, Marshall932005 0aAstronomical symbols on ancient and medieval coinscMarshall Faintich  aLondonbMcFarlandc2008 avi, 225p. aAstronomy in numismatics932006 aCoins, ancient932007 aNumismatics, ancient932008 aNumismatics, medieval932009 cBK c17032d17032 00104070aBANbBANcGENd2008-09-01eBLA l0o52:737.1/ FAIp17954r2021-11-05w2008-09-01yBKG£ 37.50